Andrew Tate - Statistics

General Stats
  • This quiz has been taken 981 times
  • The average score is 8 of 10
Answer Stats
Hint Answer % Correct
What's his favorite Car? Bugatti
97%
"What _________ is your Bugatti?" color
95%
What's his brother's name? Tristan
92%
Where does he live Romania
90%
In which sport is the World champion? Kickboxing
84%
What's his dad's name? emory
74%
Where does he teach, how to make money? Hustlers university
74%
What's his favorite drink? Sparkling water
65%
In what British city did he live? Luton
51%
What's his own "Mafia" called? War room
28%
No matching quizzes found
Score Distribution
Percent of People with Each Score
Percentile by Number Answered
Your Score History
You have not taken this quiz